Présidents de la République Française par images - Clic Quiz - Statistiques

Statistiques générales
  • Ce quiz a été pris 20 459 fois
  • Le résultat moyen est 10 sur 25
Statistiques - réponses
Hint Extra Hint Réponse % Correct
Emmanuel Macron Cliquez sur le bon portrait
92%
François Hollande Cliquez sur le bon portrait
91%
Nicolas Sarkozy Cliquez sur le bon portrait
91%
Jacques Chirac Cliquez sur le bon portrait
86%
Charles de Gaulle Cliquez sur le bon portrait
81%
Valéry Giscard d'Estaing Cliquez sur le bon portrait
78%
François Mitterrand Cliquez sur le bon portrait
76%
Georges Pompidou Cliquez sur le bon portrait
71%
Louis-Napoléon Bonaparte Cliquez sur le bon portrait
68%
Adolphe Thiers Cliquez sur le bon portrait
24%
René Coty Cliquez sur le bon portrait
24%
Vincent Auriol Cliquez sur le bon portrait
21%
Patrice de Mac-Mahon Cliquez sur le bon portrait
20%
Raymond Poincaré Cliquez sur le bon portrait
18%
Marie François Sadi Carnot Cliquez sur le bon portrait
18%
Paul Deschanel Cliquez sur le bon portrait
17%
Paul Doumer Cliquez sur le bon portrait
17%
Armand Fallières Cliquez sur le bon portrait
14%
Félix Faure Cliquez sur le bon portrait
14%
Alexandre Millerand Cliquez sur le bon portrait
13%
Albert Lebrun Cliquez sur le bon portrait
11%
Émile Loubet Cliquez sur le bon portrait
10%
Gaston Doumergue Cliquez sur le bon portrait
10%
Jean Casimir-Perier Cliquez sur le bon portrait
10%
Jules Grévy Cliquez sur le bon portrait
9%
Aucun quiz correspondant
Distribution des résultats
% des personnes avec chaque résultat
Percentile par nombre de réponses
Votre historique - résultats
Vous n’avez pas pris ce quiz